Environmental science : (Record no. 677)

000 -LEADER
fixed length control field 00892cam a2200253 a 4500
001 - CONTROL NUMBER
control field 15931752
003 - CONTROL NUMBER IDENTIFIER
control field OSt
005 - DATE AND TIME OF LATEST TRANSACTION
control field 20140116120835.0
008 - FIXED-LENGTH DATA ELEMENTS--GENERAL INFORMATION
fixed length control field 091005s2011 mauab b 001 0 eng
020 ## - INTERNATIONAL STANDARD BOOK NUMBER
International Standard Book Number 9780321701404
040 ## - CATALOGING SOURCE
Transcribing agency DLC
050 00 - LIBRARY OF CONGRESS CALL NUMBER
Classification number GE105.N75 2011
100 1# - MAIN ENTRY--PERSONAL NAME
Personal name Wright, Richard T.,
Dates associated with a name 1933-
245 10 - TITLE STATEMENT
Title Environmental science :
Remainder of title toward a sustainable future /
Statement of responsibility, etc Richard T. Wright and Dorothy O. Boorse.
250 ## - EDITION STATEMENT
Edition statement 11th ed.
260 ## - PUBLICATION, DISTRIBUTION, ETC. (IMPRINT)
Place of publication, distribution, etc Boston :
Name of publisher, distributor, etc Benjamin Cummings,
Date of publication, distribution, etc 2011.
300 ## - PHYSICAL DESCRIPTION
Extent xxii, 674 p. :
Other physical details ill. (chiefly col.), maps (chiefly col.) .
504 ## - BIBLIOGRAPHY, ETC. NOTE
Bibliography, etc Includes bibliographical references and index.
650 #0 - SUBJECT ADDED ENTRY--TOPICAL TERM
Topical term or geographic name as entry element Environmental sciences
Form subdivision Textbooks.
700 1# - ADDED ENTRY--PERSONAL NAME
Personal name Boorse, Dorothy.
906 ## - LOCAL DATA ELEMENT F, LDF (RLIN)
a 7
b cbc
c orignew
d 1
e ecip
f 20
g y-gencatlg
942 ## - ADDED ENTRY ELEMENTS (KOHA)
Source of classification or shelving scheme
Koha item type Book
Holdings
Withdrawn status Lost status Source of classification or shelving scheme Damaged status Not for loan Home library Current library Date acquired Source of acquisition Total Checkouts Full call number Barcode Date last seen Date checked out Copy number Price effective from Koha item type Shelving location
          Riara University Library Riara University Library 26/10/2011 Purchase 1 GE105.W75 2011 2460/11 21/11/2019 20/11/2019 C.1 26/10/2011 Book  
          Riara University Library Riara University Library 26/10/2011 Purchase 1 GE105.W75 2011 2461/11 15/11/2018 27/10/2018 C.2 26/10/2011 Book  
          Riara University Library Riara University Library 26/10/2011 Purchase   GE105.W75 2011 2462/11 26/10/2011   C.3 26/10/2011 Book  
          Riara University Library Riara University Library 26/10/2011 Purchase 1 GE105.W75 2011 1679/11 03/12/2018 30/11/2018 C.4 26/10/2011 Book General stack
          Riara University Library Riara University Library 26/10/2011 Purchase 2 GE105.W75 2011 1681/11 21/08/2019 19/08/2019 C.5 26/10/2011 Book General stack
          Riara University Library Riara University Library 26/10/2011 Purchase   GE105.W75 2011 1680/11 26/10/2011   C.6 26/10/2011 Book General stack

Riara University Library,
P.O. Box 49940-00100,
Nairobi, Kenya.